Modeling of complex systems : Seventh Granada Lectures, Granada, Spain, 2-7 September 2002 /

Bibliographic Details
Corporate Author: Granada Seminar on Computational Physics
Other Authors: Garrido, Pedro L., Marro, Joaquín, 1945-
Format: Conference Proceeding Book
Language:English
Published: Melville, N.Y. : American Institute of Physics, 2003.
Series:AIP conference proceedings ; no. 661.
Subjects:

MARC

Tag First Indicator Second Indicator Subfields
LEADER 00000cam a2200000Ia 4500
001 in00001766721
005 20151025074212.0
008 030422s2003 nyua b 101 0 eng d
010 |a  2003102259 
020 |a 0735401217 
035 |a (OCoLC)ocm52101675 
040 |a GZM  |c GZM  |d IXA  |d TXA  |d UtOrBLW 
049 |a TXAM 
090 |a QC52  |b .G73 2002 
111 2 |a Granada Seminar on Computational Physics  |n (7th :  |d 2002) 
245 1 0 |a Modeling of complex systems :  |b Seventh Granada Lectures, Granada, Spain, 2-7 September 2002 /  |c editors, Pedro L. Garrido, Joaquín Marro. 
246 3 0 |a Seventh Granada lectures 
246 3 0 |a Seventh Granada lectures on computational physics 
264 1 |a Melville, N.Y. :  |b American Institute of Physics,  |c 2003. 
300 |a xiii, 281 pages :  |b illustrations ;  |c 25 cm. 
336 |a text  |b txt  |2 rdacontent 
337 |a unmediated  |b n  |2 rdamedia 
338 |a volume  |b nc  |2 rdacarrier 
490 1 |a AIP conference proceedings,  |x 0094-243X ;  |v v. 661 
504 |a Includes bibliographical references and index. 
650 0 |a Physics  |x Data processing  |v Congresses. 
650 0 |a System analysis  |v Congresses. 
650 0 |a Computational complexity  |v Congresses. 
700 1 |a Garrido, Pedro L. 
700 1 |a Marro, Joaquín,  |d 1945- 
830 0 |a AIP conference proceedings ;  |v no. 661. 
994 |a E0  |b TXA 
948 |a cataloged  |b h  |c 2003/6/30  |d c  |e blrosas  |f 2:37:12 pm 
999 |a MARS 
999 f f |s 54c1e363-6f3e-3ad3-a039-75c1033ef123  |i 85e983df-8790-3317-ba61-6d2dcaa989fe  |t 0 
952 f f |p normal  |a Texas A&M University  |b College Station  |c Sterling C. Evans Library  |d Evans: Library Stacks  |t 0  |e QC52 .G73 2002  |h Library of Congress classification  |i unmediated -- volume  |m A14830390068 
998 f f |a QC52 .G73 2002  |t 0  |l Evans: Library Stacks